000 00395nam a2200169Ia 4500
008 210210b2010 xxu||||| |||| 00| 0 eng d
020 _a9788190832229
041 _aeng
082 _a574.29 AROI
100 _aARORA (M P)
245 _aImmunology
260 _aNew Delhi
_bAne Books Pvt. Ltd.
_c2010
300 _axi,402
650 _aImmunology
690 _aImmunology
906 _a065044
999 _c141667
_d141667